NCAAM Tournament Winners - Statistics

General Stats
  • This quiz has been taken 69 times
    17 since last reset
  • The average score is 27 of 40
Answer Stats
Hint Answer % Correct
2024 Connecticut
100%
2022 Kansas
100%
2016 Villanova
100%
2021 Baylor
93%
2023 Connecticut
93%
2025 Florida
93%
2017 North Carolina
93%
2018 Villanova
93%
2019 Virginia
93%
2015 Duke
86%
2001 Duke
79%
2014 Connecticut
71%
2010 Duke
71%
1992 Duke
71%
1991 Duke
71%
2009 North Carolina
71%
2005 North Carolina
71%
2007 Florida
64%
2006 Florida
64%
2008 Kansas
64%
2012 Kentucky
64%
1998 Kentucky
64%
2013 Louisville
64%
1993 North Carolina
64%
1995 UCLA
64%
1988 Kansas
57%
2002 Maryland
57%
1989 Michigan
57%
2000 Michigan State
57%
2003 Syracuse
57%
1997 Arizona
50%
2011 Connecticut
50%
1999 Connecticut
50%
1987 Indiana
50%
1996 Kentucky
50%
1985 Villanova
50%
1994 Arkansas
43%
1990 UNLV
43%
2004 Connecticut
36%
1986 Louisville
29%
No matching quizzes found
Score Distribution
Percent of People with Each Score
Percentile by Number Answered
Your Score History
You have not taken this quiz since the last reset